000 00689nam a2200205 a 4500
001 000024871
005 20200930023423.0
008 110207s1969 xxc r 000 0 spa d
040 _aDO-SdBNP
_bspa
_cBNPHU
082 _axxxxx
_bS936d
245 0 0 _aSturn und drang /
_cedición Peter M. Daly , Víctor G. Doerksen.
260 _aToronto :
_bThe Copp Clark Publishing Company,
_c1969.
300 _ax, 379 p. ;
_c23 cm.
490 1 _aText in german literature
504 _aIncluye referencias bibliográficas y notas al pie de las páginas.
700 1 _aDaly, Peter M.
_951045
700 1 _aDoerksen, Víctor G.
_951046
830 0 _aText in german literature
_951047
049 _aBNGR
999 _c24364
_d24364